| 000 | 00637nam a22001817a 4500 | ||
|---|---|---|---|
| 003 | OSt | ||
| 005 | 20160531095327.0 | ||
| 008 | 160531b xxu||||| |||| 00| 0 eng d | ||
| 010 | _a93007728 | ||
| 020 | _a0538708042 | ||
| 040 | _cn/a | ||
| 050 |
_aZ49 _b .D87 1994 |
||
| 100 | _aDuncan,Charles H. | ||
| 245 |
_aSouth-Western college keyboarding : complete course / _cCharles H. Duncan, Susie H. VanHuss, S. ElVon Warner ; contributing authors, Donna L. Woo, Connie Forde. |
||
| 260 |
_a Cincinnati, Ohio : _b South-Western Pub. Co., _c c1994. |
||
| 300 |
_a1 v. (various pagings) : _bcol. ill. ; _c 23 x 29 cm. |
||
| 942 |
_2lcc _cBK |
||
| 999 |
_c254266 _d254265 |
||